Ngugi wa Thiong's & Wole Soyinka

Gardado en:
Detalles Bibliográficos
Formato: Libro
Idioma:inglés
Publicado: james Curry 2014
Tags: Engadir etiqueta
Sen Etiquetas, Sexa o primeiro en etiquetar este rexistro!

MARC

LEADER 00000nam a22000007a 4500
008 210126b ||||| |||| 00| 0 eng d
020 |a 9781847010988 
245 |a Ngugi wa Thiong's & Wole Soyinka  |c / volume editors, Martin Banham & Femi Osofisan; guest editor, Kimani Njoku; reviews editor, Martins Banham  |e  (African theatre)  |f 13  |g xv,128p.ill. 
250 |c volume editors, Martin Banham & Femi Osofisan; guest editor, Kimani Njoku; reviews editor, Martins Banham 
260 |b james Curry  |c 2014  |h Woodridge, Suffolk, Eng.  |i 694234  |l 694235 
500 |a 'Include review'. 
942 |a lcc  |c BK  |e A.R. Akinniyi  |f 26 /1/ 21 
952 |0 0  |1 0  |2 lcc  |4 0  |6 PR93819 N51  |7 0  |9 1829  |a HOL  |b HOL  |c LP  |d 2021-01-26  |o PR9381.9.N51  |p 2021-5701  |r 2021-01-26 00:00:00  |t 694234  |w 2021-01-26  |y BK 
952 |0 0  |1 0  |2 ddc  |4 0  |6 PR_9381_900000000000000_N51  |7 0  |9 1830  |a HOL  |b ART  |c LP  |d 2021-01-26  |o PR9381.9.N51  |p 2021-5702  |r 2021-01-26 00:00:00  |t 694235  |w 2021-01-26  |y BK 
999 |c 963  |d 963